000 01206cab a2200337 4500
001 ABS51181
008 090401t1994 xxu||||| |||| 00| 0 eng d
035 _a(Sirsi) u14031
041 _aeng
100 _aDumbleton, B.
245 _aWhat a relief!
260 _c1994
350 _a0
490 _aSurveyor
_v181(5301) 21 July 1994, 16-17(2)
520 _aReports on how plans for Britain`s first major relief road, for the A34 at Wilmslow and Handforth, to be partially funded by leading retail stores, are rapidly gathering momentum. Explains the details for the project, emphasising a need for public awareness. Also discusses the concept of engineered conservation.
650 _aAMEC DEVELOPMENTS
650 _aAMEC/ALFRED MCALPINE
650 _aCHEADLE ROYAL HOSPITAL
650 _aCHESHIRE CC
650 _aMAELR
650 _aMANCHESTER AIRPORT EASTERN LINK ROAD(MAELR)
650 _aPARKMAN CONSULTING ENGINEERS
650 _aPENNY ANDERSON ASSOCIATES
650 _aPRIVATE FINANCE
650 _aROAD CONSTRUCTION
650 _aSTOCKPORT MBC
650 _aWILMSLOW AND HANDFORTH BYPASS
690 _aTRANSPORT AND COMMUNICATIONS
942 _n0
948 _c04/03/1997
999 _c9089
_d9089